00842nam a22002417a 450000500170000001000130001702000230003003500130005303700160006604000120008208200130009410000240010724500760013126000480020727000440025530000250029950000490032465000280037365000290040194200220043099900190045295201290047120170124105915.0 aA-991943 c700.00a8176291870 aA-991943 bCen Lib/Ret aDPLbEN a341bNIR aNirmal, B. C.92113 aThe right to selef-detemination in international Law /cby B. C. Nirmal aNew DelhibDeep and Deep Publicationsc1999 aF-159, Rajouri GardenbCalcuttae110027 axiii,368p.c23cm(Hb) aincludes bibliographical reference and index aInternational Law92114 aSelf-Determination92115 2ddccENh341mNIR c122759d122759 001040718REFaLbLd2015-05-29eCen Lib/Retg700.00l0o341 NIRpA-991943r2015-05-29 00:00:00t1v700.00w2015-05-29yEN